Gaming Quiz

Random Gaming or Video Games Quiz
Score 0/47 Timer 10:00
0 Plays Today
Section 'Song Title' by Artist % Correct
Setlist, Part 2) Axe-Grinders'Iron Man' by Black Sabbath
100%
Setlist, Part 1) Opening Licks'I Wanna Be Sedated' by The Ramones
90%
Setlist, Part 1) Opening Licks'Smoke On the Water' by Deep Purple
90%
Setlist, Part 6) Face-Melters'Cowboys from Hell' by Pantera
90%
Setlist, Part 6) Face-Melters'Bark at the Moon' by Ozzy Osborne
90%
Setlist, Part 1) Opening Licks'I Love Rock & Roll' by Joan Jett and the Blackhearts
80%
Setlist, Part 1) Opening Licks'Thunder Kiss 65' by White Zombie
80%
Setlist, Part 2) Axe-Grinders'More Than a Feeling' by Boston
80%
Setlist, Part 2) Axe-Grinders'Take Me Out' by Franz Ferdinand
80%
Setlist, Part 3) Thrash and Burn'Killer Queen' by Queen
80%
Setlist, Part 3) Thrash and Burn'Hey You' by The Exies
80%
Setlist, Part 3) Thrash and Burn'Stellar' by Incubus
80%
Setlist, Part 4) Return of the Shred'Ziggy Stardust' by David Bowie
80%
Setlist, Part 4) Return of the Shred'Fat Lip' by Sum 41
80%
Setlist, Part 4) Return of the Shred'Take It Off' by The Donnas
80%
Setlist, Part 4) Return of the Shred'Unsung' by Helmet
80%
Setlist, Part 5) Fret-Burners'Higher Ground' by Red Hot Chili Peppers
80%
Setlist, Part 5) Fret-Burners'No One Knows' by Queens of the Stone Age
80%
Setlist, Part 6) Face-Melters'Godzilla' by Blue Öyster Cult
80%
Setlist, Part 6) Face-Melters'Texas Flood' by Stevie Ray Vaughan
80%
Setlist, Part 6) Face-Melters'Frankenstein' by The Edgar Winter Group
80%
Bonus Songs'Hey' by Honest Bob and the Factory-to-Dealer Incentives
80%
Setlist, Part 1) Opening Licks'Infected' by Bad Religion
70%
Setlist, Part 2) Axe-Grinders'You've Got Another Thing Comin'' by Judas Priest
70%
Section 'Song Title' by Artist % Correct
Setlist, Part 2) Axe-Grinders'Sharp Dressed Man' by ZZ Top
70%
Setlist, Part 3) Thrash and Burn'Heart Full of Black' by Burning Brides
70%
Setlist, Part 3) Thrash and Burn'Symphony of Destruction' by Megadeth
70%
Setlist, Part 4) Return of the Shred'Cochise' by Audioslave
70%
Setlist, Part 5) Fret-Burners'Spanish Castle Magic' by Jimi Hendrix
70%
Setlist, Part 5) Fret-Burners'Ace of Spades' by Motörhead
70%
Setlist, Part 5) Fret-Burners'Crossroads' by Cream
70%
Bonus Songs'Cheat on the Church' by Graveyard BBQ
70%
Bonus Songs'Even Rats' by The Slip
70%
Bonus Songs'Fire It Up' by Black Label Society
60%
Bonus Songs'Caveman Rejoice' by The Bags
60%
Bonus Songs'All of This' by Shaimus
60%
Bonus Songs'The Breaking Wheel' by Artillery
60%
Bonus Songs'Callout' by The Acro-brats
60%
Bonus Songs'Decontrol' by Drist
60%
Bonus Songs'Guitar Hero' by Monkey Steals the Peach
60%
Bonus Songs'Sail Your Ship By' by Count Zero
60%
Bonus Songs'Story of My Love' by The Model Sons
60%
Bonus Songs'Eureka, I've Found Love' by The Upper Crust
50%
Bonus Songs'Behind the Mask' by Anarchy Club
50%
Bonus Songs'Farewell Myth' by Made in Mexico
50%
Bonus Songs'Fly on the Wall' by Din
50%
Bonus Songs'Get Ready 2 Rokk' by Freezepop
50%
Remove Ads.
Support Sporcle.
Get the best of Sporcle when you Go Orange. This ad-free experience offers more features, more stats, and more fun while also helping to support Sporcle. Thank you for becoming a member.

You're not logged in!

Compare scores with friends on all Sporcle quizzes.
OR
Log In

Sporcle TV

Today on Sporcle TV


Watch our educational content, quiz creation guides, and fun videos on Sporcle TV.

Show Comments

Extras

Top Quizzes Today


Score Distribution

Paid Content

Your Account Isn't Verified!

In order to create a playlist on Sporcle, you need to verify the email address you used during registration. Go to your Sporcle Settings to finish the process.

Report this User

Report this user for behavior that violates our Community Guidelines.

Details: